La madera y su uso en la construcción /

Guardado en:
Detalles Bibliográficos
Autor principal: Pérez M., Víctor (autor)
Formato: Libro
Idioma:Español
Publicado: Jalapa, México : Instituto Nacional de Investigaciones sobre Recursos Bióticos, fecha no identificada
Temas:
Etiquetas: Agrega una etiqueta
Sin etiquetas, Sé el primero en etiquetar este registro!

MARC

LEADER 00000nam^a2200000^a^4500
001 000009677
005 20250521000000.0
009 20260310083636.161
037 |a Acervo ITESO - Biblioteca 
041 |a ESP 
082 |a 691. 1  |b PER 
100 |a Pérez M., Víctor  |e (autor) 
245 1 3 |a La madera y su uso en la construcción /  |c V. Pérez M. 
264 1 |a Jalapa, México :  |b Instituto Nacional de Investigaciones sobre Recursos Bióticos,  |c fecha no identificada 
300 |a 1 v. (sin paginación) 
336 |a texto  |b txt  |2 rdacontenido 
337 |a sin mediación  |b n  |2 rdamedio 
338 |a volumen  |b nc  |2 rdasoporte 
649 |a XX 
650 |a Madera 
650 |a Materiales de Construcción 
650 |a Construcción 
650 |a Ingeniería Civil 
910 |a Fondo General 
920 |a Impresos - Libros 
930 |a Colección General 
905 |a 101 
901 |a 0500203801  |b IT1  |c ACC  |i 009677  |u 20250521 
902 |a https://opac.biblio.iteso.mx/vufind/Record/000009677